Wings of Fire Books(Main Series) - Statistics

General Stats
  • This quiz has been taken 135 times
  • The average score is 13 of 14
Answer Stats
Book % Correct
The Lost Heir
98%
The Dragonet Prophecy
97%
The Hidden Kingdom
97%
The Brightest Night
95%
Moon Rising
94%
The Dark Secret
94%
Winter Turning
94%
Escaping Peril
93%
The Darkness of Dragons
93%
The Lost Continent
93%
Talons of Power
92%
The Hive Queen
89%
The Poison Jungle
89%
The Dangerous Gift
87%
No matching quizzes found
Score Distribution
Percent of People with Each Score
Percentile by Number Answered
Your Score History
You have not taken this quiz